000 01768nam a22002657a 4500
999 _c353540
_d353540
001 67454
003 UA-OsUOA
005 20230504161306.0
007 ta
008 20100223b un ||||| |||| 00| 0 ukr d
020 _a9789663463544
040 _aUA-OsUOA
_bukr
_cUA-OsUOA
_dUA-OsUOA
041 _aukr
080 _a340.12(091)(477)(075.8)
090 _a340.12(091)(477)(075.8)
_bМ90
100 _aМузиченко П.
245 _aІсторія держави і права України
260 _aК.
_bЗнання
_c2007
300 _a471 с.
520 _aСпираючись на найновіші досягнення світової історичної думки, публікації вітчизняних та зарубіжних учених, значна частина яких тривалий час залишалась недоступною Для громадян України, автору вдалося створити один із найповніших сучасних навчальних посібників з історії держави і права України. Посібник має системний характер. Автор послідовно розкриває основні етапи формування суспільного та державного ладу, права, суду і судового процесу в Україні починаючи з часів Київської Русі до сьогодення.
650 7 _a340 Право в цілому. Пропедевтика. Методи та допоміжні правничі науки
_2UDC
942 _cBK
_2udc
955 _a2